Platobný terminál využívajúci mobilné komunikačné zariadenie, najmä mobilný telefón, spôsob bezhotovostnej platby

Bibliographic Details
Corporate Author: SMK CORPORATION (Tokio, Japonsko) (Patent holder)
Other Authors: Florek, Miroslav (Originator), Masaryk, Michal (Originator)
Format: Book
Language:Slovak
PhysicalDescription:10 s. obr. 30 cm
Published: [Banská Bystrica] Úrad priemyselného vlastníctva SR [2020]
Subjects:

MARC

LEADER 00000nam a2200000 a 4500
001 vtls011919196
003 SK-MaSNL
005 20260331211125.0
008 251120s2020 xo a j f000 0 slo
013 |a 288736  |b xo  |c patent  |d 20200102  |e dátum sprístupnenia patentu 
013 |a 32-2009  |e číslo prihlášky  |d 20090503  |e dátum podania prihlášky  |d 20101207  |e dátum zverejnenia prihlášky (Vestník ÚPV SR č.: 12/2010) 
040 |a SNK  |b slo  |c SNK  |e AACR2 
041 0 |a slo 
044 |a xo  |c SK 
072 7 |a 621.39  |x Oznamovacia technika  |2 konspekt 
072 7 |a 004.4/.6  |x Programovanie. Softvér  |2 konspekt 
072 7 |a 339.3  |x Vnútorný obchod  |2 konspekt 
080 |a 621.39  |2 2011 
080 |a 004.623  |2 2011 
084 |a G06Q 20/00  |2 IPC 
084 |a G06Q 40/00  |2 IPC 
084 |a G07F 19/00  |2 IPC 
100 1 |a Florek, Miroslav  |4 org  |9 358720 
245 1 0 |a Platobný terminál využívajúci mobilné komunikačné zariadenie, najmä mobilný telefón, spôsob bezhotovostnej platby  |c Miroslav Florek ; patent. zást. Róbert Porubčan 
260 |a [Banská Bystrica]  |b Úrad priemyselného vlastníctva SR  |c [2020] 
300 |a 10 s.  |b obr.  |c 30 cm 
650 0 7 |a oznamovacia technika  |2 SNKPH  |9 1533 
650 0 7 |a prenos dát  |2 SNKPH  |9 1858 
650 0 7 |a Communication engineering  |2 SNKPHeng  |9 349348 
650 0 7 |a bezhotovostný platobný styk  |2 SNKPH  |9 55411 
650 0 7 |a Data transmission  |2 SNKPHeng  |9 315043 
650 0 7 |a Cashless payments  |2 SNKPHeng  |9 319763 
655 7 |a patenty  |2 SNKPH  |9 177343 
655 7 |a patent licenses  |2 SNKPHeng  |9 303430 
700 1 |a Masaryk, Michal  |4 org  |4 org  |9 339862 
700 1 |a Porubčan, Róbert  |4 oth  |9 358723 
710 2 |a SMK CORPORATION (Tokio, Japonsko)  |4 pth  |9 358724 
852 |a Štátna vedecká knižnica v Banskej Bystrici 
999 |c 950712  |d 952642 
952 |a SNK  |b SNK  |y PREZ  |7 0  |p 17A1417270  |o snkSK 288736  |i snk2020/6067  |8 0  |0 0  |1 0  |4 0  |d 2020-03-10  |l 0  |r 2026-02-24 09:47:18  |w 2026-02-24